Greening school grounds: Creating habitants for learning
שמור ב:
| פורמט: | ספר |
|---|---|
| שפה: | Undetermined |
| יצא לאור: |
Toronto, Canada
New Society
2001
|
| נושאים: | |
| תגים: |
הוספת תג
אין תגיות, היה/י הראשונ/ה לתייג את הרשומה!
|
| Thư viện lưu trữ: | Trung tâm Học liệu Trường Đại học Cần Thơ |
|---|
| LEADER | 00486nam a2200157Ia 4500 | ||
|---|---|---|---|
| 001 | CTU_55980 | ||
| 008 | 210402s9999 xx 000 0 und d | ||
| 082 | |a 372.38 | ||
| 082 | |b G814 | ||
| 245 | 0 | |a Greening school grounds: Creating habitants for learning | |
| 245 | 0 | |c Edited by Tim Grant and Gail Littlejoin | |
| 260 | |a Toronto, Canada | ||
| 260 | |b New Society | ||
| 260 | |c 2001 | ||
| 650 | |a school gardens,teaching methods | ||
| 980 | |a Trung tâm Học liệu Trường Đại học Cần Thơ | ||